000
00271nam a2200109Ia 4500
008
210430s9999 xx 000 0 und d
082
_a
355.09 F96Z
100
_a
J.F.C. Fuller
_9
49175
245
_a
Armament and Histroy
_c
J.F.C. Fuller
300
_a
225
942
_c
BK
_2
ddc
999
_c
565259
_d
565259